<?xml version="1.0" encoding="UTF-8"?>
<record
    xmlns:xsi="http://www.w3.org/2001/XMLSchema-instance"
    xsi:schemaLocation="http://www.loc.gov/MARC21/slim http://www.loc.gov/standards/marcxml/schema/MARC21slim.xsd"
    xmlns="http://www.loc.gov/MARC21/slim">

  <leader>01478nam a2200385 i 4500</leader>
  <datafield tag="999" ind1=" " ind2=" ">
    <subfield code="c">22658</subfield>
    <subfield code="d">22658</subfield>
  </datafield>
  <controlfield tag="001">C00609977</controlfield>
  <controlfield tag="003">OSt</controlfield>
  <controlfield tag="005">20230103094349.0</controlfield>
  <controlfield tag="007">ta</controlfield>
  <controlfield tag="008">220803s2021    pe     gr     000 0 spa</controlfield>
  <datafield tag="017" ind1=" " ind2=" ">
    <subfield code="a">2021-05532</subfield>
  </datafield>
  <datafield tag="020" ind1=" " ind2=" ">
    <subfield code="a">9786124788147</subfield>
  </datafield>
  <datafield tag="040" ind1=" " ind2=" ">
    <subfield code="a">pelibn </subfield>
    <subfield code="b">spa </subfield>
    <subfield code="e">rda </subfield>
    <subfield code="c">pelibn</subfield>
  </datafield>
  <datafield tag="041" ind1=" " ind2=" ">
    <subfield code="a">spa</subfield>
  </datafield>
  <datafield tag="082" ind1="0" ind2="4">
    <subfield code="a">808.00141/H83</subfield>
    <subfield code="b">H83</subfield>
  </datafield>
  <datafield tag="100" ind1="1" ind2=" ">
    <subfield code="a">Huam&#xE1;n, Miguel &#xC1;ngel,</subfield>
    <subfield code="d">1954-,</subfield>
    <subfield code="e">autor.</subfield>
    <subfield code="9">48806</subfield>
  </datafield>
  <datafield tag="245" ind1="1" ind2="4">
    <subfield code="a">Las palabras que debo decir :</subfield>
    <subfield code="b">ensayo sobre las im&#xE1;genes de nuestra identidad nacional /</subfield>
    <subfield code="c">Miguel &#xC1;ngel Huam&#xE1;n Villavicencio.</subfield>
  </datafield>
  <datafield tag="250" ind1=" " ind2=" ">
    <subfield code="a">Primera edici&#xF3;n.</subfield>
  </datafield>
  <datafield tag="264" ind1="3" ind2="1">
    <subfield code="a">Lima :</subfield>
    <subfield code="b">Dedo Cr&#xED;tico Editores ;</subfield>
    <subfield code="a">Arequipa :</subfield>
    <subfield code="b">Editorial Ap&#xF3;strofe,</subfield>
    <subfield code="c">2021.</subfield>
  </datafield>
  <datafield tag="264" ind1="3" ind2="3">
    <subfield code="a">Lima :</subfield>
    <subfield code="b">Mantaraya.</subfield>
  </datafield>
  <datafield tag="300" ind1=" " ind2=" ">
    <subfield code="a">81 p&#xE1;ginas ;</subfield>
    <subfield code="c">21 cm.</subfield>
  </datafield>
  <datafield tag="336" ind1=" " ind2=" ">
    <subfield code="a">Texto</subfield>
    <subfield code="2">rdacontent</subfield>
  </datafield>
  <datafield tag="337" ind1=" " ind2=" ">
    <subfield code="a">sin mediaci&#xF3;n</subfield>
    <subfield code="2">rdamedia</subfield>
  </datafield>
  <datafield tag="338" ind1=" " ind2=" ">
    <subfield code="a">volumen</subfield>
    <subfield code="2">rdacarrier</subfield>
  </datafield>
  <datafield tag="504" ind1=" " ind2=" ">
    <subfield code="a">Incluye referencias bibliogr&#xE1;ficas.</subfield>
  </datafield>
  <datafield tag="650" ind1="1" ind2="8">
    <subfield code="a">An&#xE1;lisis del discurso literario</subfield>
    <subfield code="z">-Per&#xFA;.</subfield>
    <subfield code="9">48807</subfield>
  </datafield>
  <datafield tag="650" ind1="2" ind2="8">
    <subfield code="a">An&#xE1;lisis del discurso</subfield>
    <subfield code="x">-Aspectos sociales</subfield>
    <subfield code="z">-Per&#xFA;.</subfield>
    <subfield code="9">48808</subfield>
  </datafield>
  <datafield tag="650" ind1="2" ind2="8">
    <subfield code="a">Identidad de grupo en la literatura.</subfield>
    <subfield code="9">48809</subfield>
  </datafield>
  <datafield tag="650" ind1="2" ind2="8">
    <subfield code="a">Literatura peruana</subfield>
    <subfield code="x">-Historia y cr&#xED;tica.</subfield>
    <subfield code="9">48810</subfield>
  </datafield>
  <datafield tag="942" ind1=" " ind2=" ">
    <subfield code="2">ddc</subfield>
    <subfield code="c">LIBROS</subfield>
  </datafield>
  <datafield tag="952" ind1=" " ind2=" ">
    <subfield code="0">0</subfield>
    <subfield code="1">0</subfield>
    <subfield code="2">ddc</subfield>
    <subfield code="4">0</subfield>
    <subfield code="7">0</subfield>
    <subfield code="a">SH</subfield>
    <subfield code="b">SH</subfield>
    <subfield code="c">CART</subfield>
    <subfield code="d">2023-01-03</subfield>
    <subfield code="e">Donaci&#xF3;n</subfield>
    <subfield code="g">10.00</subfield>
    <subfield code="o">808.00141/H83</subfield>
    <subfield code="p">SH0000016498</subfield>
    <subfield code="r">2023-01-03</subfield>
    <subfield code="w">2023-01-03</subfield>
    <subfield code="y">LIBROS</subfield>
  </datafield>
</record>
